| 000 | 00774cam a2200277 4500500 | ||
|---|---|---|---|
| 005 | 20260405003458.0 | ||
| 041 | _afre | ||
| 042 | _adc | ||
| 100 | 1 | 0 |
_aDurand, Jean-Marie _eauthor |
| 245 | 0 | 0 | _aQu’est-ce que l’actualité politique ? |
| 260 | _c2022. | ||
| 500 | _a7 | ||
| 690 | _aActualité | ||
| 690 | _aArnaud Esquerre | ||
| 690 | _aCommentaires | ||
| 690 | _aÉvénement | ||
| 690 | _aFidélité | ||
| 690 | _aLuc Boltanski | ||
| 690 | _aMonde | ||
| 690 | _aPolitique | ||
| 690 | _aPresse | ||
| 690 | _aSociologie | ||
| 690 | _aTémoignages | ||
| 786 | 0 | _nPhilosophie magazine | 157 | 3 | 2022-03-01 | p. 54-54 | 1951-1787 | |
| 856 | 4 | 1 | _uhttps://shs.cairn.info/magazine-philosophie-magazine-2022-3-page-54?lang=fr&redirect-ssocas=7080 |
| 999 |
_c2067941 _d2067941 |
||